El peligroso encanto de lo invisible /

Na minha lista:
Detalhes bibliográficos
Autor principal: Ball, Philip (autor)
Formato: Livro
Idioma:espanhol
Publicado em: Madrid, España : Turner, 2016, c2016
Colecção:(Noema) [s.n.]
Assuntos:
Tags: Adicionar Tag
Sem tags, seja o primeiro a adicionar uma tag!

MARC

LEADER 00000nam^a2200000^a^4500
001 000416602
005 20250521000000.0
009 20260310122328.21
020 |a 978-84-16354-09-2 
037 |a Acervo ITESO - Biblioteca 
041 |a ESP 
082 |a 535. 1  |b BAL 
100 |a Ball, Philip  |e (autor) 
245 1 3 |a El peligroso encanto de lo invisible /  |c P. Ball ; tr. por José Adrián Vitier. 
264 4 |a Madrid, España :  |b Turner,  |c 2016, c2016 
300 |a 385 p. 
336 |a texto  |b txt  |2 rdacontenido 
337 |a sin mediación  |b n  |2 rdamedio 
338 |a volumen  |b nc  |2 rdasoporte 
440 1 |a (Noema) [s.n.] 
500 |a Traducción de: Invisible. The Dangerous Allure of the Unseen 
521 |a FIL 2019 EEnlace Centro de Promoción Cultural 
649 |a XX 
650 |a Visibilidad -  |x Tema Principal 
650 |a Percepción 
650 |a Fenómenos Parafísicos 
650 |a Microscopio y Microscopía 
650 |a Rayos X 
650 |a Biología Molecular 
650 |a Optica Física 
650 |a Ciencias Ocultas 
650 |a Ciencias Naturales 
650 |a Ciencia -  |x Difusión 
600 |a Mecánica Cuántica 
910 |a Fondo General 
920 |a Impresos - Libros 
930 |a Colección General 
905 |a 101 
901 |a 0500326401  |b IT1  |c ACC  |i C170735  |u 20250521 
902 |a https://opac.biblio.iteso.mx/vufind/Record/000416602